Nursing decentralization : (Record no. 760)

MARC details
000 -LEADER
fixed length control field 00645nam a2200205 a 4500
005 - DATE AND TIME OF LATEST TRANSACTION
control field 20260322212033.0
008 - FIXED-LENGTH DATA ELEMENTS--GENERAL INFORMATION
fixed length control field data
010 ## - LIBRARY OF CONGRESS CONTROL NUMBER
LC control number 81-083018
020 ## - INTERNATIONAL STANDARD BOOK NUMBER
International Standard Book Number 0913654760
020 ## - INTERNATIONAL STANDARD BOOK NUMBER
International Standard Book Number 9780913654767
096 ## - LOCALLY ASSIGNED NLM-TYPE CALL NUMBER (OCLC)
Classification number WY 105 N9747 1981
001 - CONTROL NUMBER
control field data
245 10 - TITLE STATEMENT
Title Nursing decentralization :
Remainder of title the El Camino experience
Statement of responsibility, etc. Joan Nietz Althaus.
260 ## - PUBLICATION, DISTRIBUTION, ETC.
Place of publication, distribution, etc. Wakefield, Mass.
Name of publisher, distributor, etc. Nursing Resources
Date of publication, distribution, etc. c1981
300 ## - PHYSICAL DESCRIPTION
Extent xii, 215 p. :
Other physical details ill. ;
Dimensions 25 cm.
490 0# - SERIES STATEMENT
Series statement Nursing dimensions administration series ; v. 2, no. 3
650 #4 - SUBJECT ADDED ENTRY--TOPICAL TERM
Topical term or geographic name entry element El Camino Hospital.
650 02 - SUBJECT ADDED ENTRY--TOPICAL TERM
Topical term or geographic name entry element Nursing Service, Hospital
General subdivision organization & administration
700 1# - ADDED ENTRY--PERSONAL NAME
Personal name Althaus, Joan Nietz.
Holdings
Withdrawn status Lost status Damaged status Not for loan Home library Current library Shelving location Date acquired Total checkouts Full call number Barcode Date last seen Price effective from Koha item type
        Franklin Franklin General stacks 22/03/2026   GEN BC0010780 22/03/2026 22/03/2026 Books